Statistics for European Football A-Z

Click here to take the quiz!

General Stats

  • This quiz has been taken 148 times
    (84 since last reset)
  • The average score is 19 of 26

Answer Stats

LetterHintAnswer% Correct
GHamburger SV and Borussia Monchengladbach are clubs from which country?Germany
100%
BLatest German winner of the Champions LeagueBayern Munich
97%
HWhere Ferenc Puskás is from (Country)Hungary
97%
RThe only club by far to win 14 UCL titles, and also 5-in-a-rowReal Madrid
92%
CThird tier of the UEFA European league systemUEFA {Europa Conference League}
92%
FWhich national team won only two EURO titles (and they only have 2 by far) before 2004?France
91%
IWhich national team is by far the only team to win two EURO titles as a host?Italy
91%
OWhich Greek team is the most successful in all European competition?Olympiacos
91%
PWhich French club failed to win the Champions League title in the final of the 2019/20 season?Paris Saint-Germain
91%
DWhich national team won the EURO famously by using back-pass and forced the law to be altered?Denmark
89%
LSecond all time top scorer in Champions League (The GOAT)Lionel Messi
89%
TEnglish club whose badge is a bird standing on a ballTottenham Hotspur
79%
VUnai Emery led which LaLiga club to win the Europa League 20/21 title?Villarreal
77%
XSpanish player who won a Champions League title with Liverpool and Real MadridXabi Alonso
73%
YRed Star Belgrade was the only club to win a title for which dissolved country?Yugoslavia
73%
WAustrian club Rapid and Austria ends with this (Hint: Vienna in Austrian)Wien
72%
MWhere did Liverpool win their latest Champions League title? (City)Madrid
69%
EWhat was Champions League called before 1992/93 season?European Cup
63%
KSecond youngest player by far to score 30 Champions League goalsKylian Mbappé
60%
SThe only Romanian club by far to win the European Cup titleSteaua București
59%
QThe 39-year-old Italian who played for Juventus and now playing for Sampdoria. (Last name)Quagliarella
48%
JInter Milan retired their number 4 for himJavier Zanetti
43%
UFull name of UEFA?Union of European Football Associations
41%
ZRed Star Belgrade, or Crvena ______zvezda
27%
NWhich Swiss city is the HQ of UEFA located?Nyon
25%
APresident of UEFAAleksander Čeferin
24%

Score Distribution

Percentile by Number Answered

Percent of People with Each Score

Your Score History

You have not taken this quiz since the last reset